Vista normal
Vista MARC
Entrada Materia (personas)
Número de registros utilizados en: 1
001 - CONTROL NUMBER
- control field: 84845
003 - CONTROL NUMBER IDENTIFIER
- control field: Co-BoUCM
005 - DATE AND TIME OF LATEST TRANSACTION
- control field: 20170324064946.0
008 - FIXED-LENGTH DATA ELEMENTS
- fixed length control field: 170324|| aca||aabn | a|a d
040 ## - CATALOGING SOURCE
- Original cataloging agency: Co-BoUCM
- Transcribing agency: Co-BoUCM
100 ## - HEADING--PERSONAL NAME
- Personal name: Serling, Robert J.
670 ## - SOURCE DATA FOUND
- Source citation: Work cat.: (Co-BoUCM)77802: Serling, Robert J., The president's plane is missing, 1967